000 01094nam a22002057a 4500
999 _c62394
_d62394
003 Ge_BSU
005 20241022105609.0
008 241022s2000 ge ||||| |||| 00| 0 geo d
020 _a9992848510
041 _ageo
080 _a616.5(075.8) ს-90
100 _aსტურუა, გიორგი
_923473
245 _aკანისა და ვენერული დაავადებანი :
_bდამხმ. სახელმძღვანელო სტომატოლოგიური ფაკ-ტის სტუდენტებისათვის /
_cგიორგი სტურუა ; რედაქტორი ჯ. ლეჟავა.
264 _aბათუმი :
_bბათუმის უნივერსიტეტი,
_c2000.
300 _a143 გვ. :
_bსურ. ;
_c21 სმ.
653 _aკანის დაავადებები
653 _aვენერული დაავადებები
700 _aლეჟავა, ჯ.,
_eრედაქტორი
_923474
942 _2udc
_cᲬᲘᲒᲜᲘ